| 000 | 00471nam a22001697a 4500 | ||
|---|---|---|---|
| 999 |
_c523854 _d523854 |
||
| 003 | NUST | ||
| 038 | _awaseem | ||
| 082 |
_a891.4391092 _bSHA |
||
| 100 |
_aShakoor, A. K. _914666 |
||
| 245 |
_aBay Samat Rahon Ka Musafir / _cA. K. Shakoor |
||
| 260 |
_aLahore : _bHaris Book, _c2009. |
||
| 300 | _a149 p. ; | ||
| 500 | _aHardcover. | ||
| 880 |
_6100-02\r _aعبدالکریم شکور |
||
| 880 |
_6245-02\r _aبے سمت رایوں کا مسافر / |
||
| 942 |
_2ddc _cBK |
||